000 008750000a22002050004500
041 0 _aSPA
082 0 4 _aG 078 Q78a
100 1 _aQuintero, Jesús Octavio
245 1 0 _aUn apóstol de los pobres : Beato Francisco Faá de Bruno / Jesús Octavio Quintero
250 _a2
260 _aColombia : Paulinas
300 _a59 Pag.
505 0 0 _aFrancisco Faá de Bruno -- una nueva experiencia -- feliz regreso -- otra vez en parís -- un laico apóstol -- la ciencia del servicio de la caridad -- fundador de instituciones educativas -- se hace camino al andar --Francisco Faá arquitecto -- fundador -- sacerdote -- hacia la plenitud de la vida en Dios -- los santos no mueren
650 1 4 _aIGLESIA CATOLICA - BIOGRAFIAS
001 569
942 _cBK
999 _c32081
_d32081
336 _atexto
_btxt
_2rdacontent
337 _2rdamedia
_asin mediación
_bn
338 _2rdacarrier
_avolumen
_bnc